| 000 | 00899nam a2200253Ia 4500 | ||
|---|---|---|---|
| 003 | OSt | ||
| 005 | 20221005111454.0 | ||
| 006 | a|||||r|||| 00| 0 | ||
| 007 | ta | ||
| 008 | 221004b |||||||| |||| 00| 0 hin d | ||
| 024 | _a107880 | ||
| 037 | _cTextual | ||
| 040 |
_aCRL _cCRL _bhin |
||
| 041 |
_2hin _ahin |
||
| 082 | _aO152,1(Delta25):g, M0 | ||
| 100 | _aयामदग्नि, वसन्त | ||
| 245 | 0 | _aरासलीला तथा रासानुकरण विकास | |
| 246 | _aRāsalīlā tathā rāsānukaraṇ vikāsa | ||
| 260 |
_aनई दिल्ली _bसंगीत नाटक अकादमी भारत _c1980 |
||
| 300 |
_a407पृ0 _ccm. |
||
| 650 | _aहिन्दी साहित्य | ||
| 942 |
_hO152,1(Delta25):g, M0 _cTEXL _2cc |
||
| 999 |
_c1021937 _d1021937 |
||